| 000 | 00982nam a22002297a 4500 | ||
|---|---|---|---|
| 003 | AR-RoUNCS | ||
| 005 | 20260212115857.0 | ||
| 008 | 240806s2004 ag ||||| |||| 00| 0 spa d | ||
| 020 | _a950-07-1822-7 | ||
| 040 |
_cAR-RoUNCS _aAR-RoUNCS |
||
| 080 | _082-34(899) B462 | ||
| 100 | 1 |
_aBenedetti, Mario, _d 1920-2009 _eautor |
|
| 245 | 1 | 3 |
_aLa muerte y otras sorpresas / _cMario Benedetti. |
| 250 | _a3a ed. | ||
| 260 |
_aBuenos Aires : _bSudamericana, _c2004. |
||
| 300 |
_a144 p. ; _c18 cm. |
||
| 490 | 0 | _aBiblioteca Mario Benedetti. | |
| 505 | 0 | 0 | _tLa muerte -- El altillo -- Réquiem con tostadas -- Ganas de embromar -- Todos los días son domingo -- Los bomberos -- Muzak -- La expresión -- Datos para el viudo -- A imagen y semejanza -- El fin de la disnea -- La noche de los feos -- El Otro Yo -- El cambiazo -- Miss Amnesia -- Acaso irreparable -- Péndulo -- Cinco años de vida. |
| 650 | 7 |
_2embne _aLiteratura uruguaya |
|
| 655 | 7 |
_2embne _aCuentos |
|
| 942 |
_2udc _cOG _n0 |
||
| 999 |
_c301 _d301 |
||